000 01241nam a2200301 4500
003 EG-GICUC
005 20260121101223.0
008 251115s2008 ua ||||fr|||| 00| 0 ara d
040 _a EG-GICUC
_bara
_c EG-GICUC
_d EG-GICUC
_erda
041 0 _aara
082 0 4 _221
_a341.851
_bس ا . ت
092 0 4 _221
099 _aLaw1 12 341.851 س ا . ت 1 ed - 2008
100 0 _aسامح محمد محمد السيد
_eمؤلف.
245 1 2 _aالتحكيم فى مصر ومنظمة التجارة العالمية /
_cسامح محمد محمد السيد.
250 _aالطبعة الاولى
264 1 _aالقاهرة :
_bدار النهضة العربية،
_c2008.
300 _a؛298 +،5 صفحة
_c24 سم.
336 _2rda content
_atext
337 _2rda media
_aComputer
338 _2rda carrier
_aOnline Resource
504 _aيحتوي على ارجاعات ببليوجرافية يحتوي على قائمة بالمراجع
546 _aالنص أغلبه باللغة العربية مع بعض النصوص الإنجليزية
650 1 _aالتحكيم - قانون دولي
_zمصر
856 4 0 _uhttps://fll.law.cu.edu.eg/fulltext/bks/B12-01040.pdf
905 _a75
_eYara
942 _2ddc
_n0
_cBK
_e21
999 _c43322
_d43322